00446nam a22001457a 4500003000500000005001700005008004100022020002100063082002000084100001800104245009700122260004500219300002200264563001400286NUST20260417161324.0260417b ||||| |||| 00| 0 eng d a 978-0716731511  a551.220973bGIE aKerry E. Sieh aThe Earth in Turmoil: Earthquakes, Volcanoes, and Their Impact on Humankind /cKerry E. Sieh aNew York:bW. H. Freeman Company,c1998. a324 p ;c28.00 cm aPaperback